Регионална библиотека "Любен Каравелов" - Русе

Българската дипломация - институции и представители 1879 - 1918 (Запис номер 324982)

MARC детайли
000 -Лидер
Контролно поле с фиксирана дължина aam a22 a 4500
003 - Код на организацията, давaща контролен номер
Контролно поле BLK
005 - Дата и час на последна редакция
Контролно поле 20201007040504.0
008 - Елементи от данни с фиксирана дължина
fixed length control field 180926b bul||||| |||| 00| 0 bul d
020 ## - Международен стандартен номер на книга ISBN
Международен стандартен номер на книга ISBN 978-619-160-862-1
040 ## - Източник на каталожния запис
Идентификатор на билиотеката - собственик на записа BLK
041 ## - Код за език
Код за езика на текст/звукозапис или на отделно заглавие Български
Код за езика КДБФ Български
080 ## - УДК
УДК - код + определител 949.72.051/.052
080 ## - УДК
УДК - код + определител 327(497.2)(091)
100 ## - Редна дума - Автор
Автор Стрезова, Алека
Авторска отговорност първи автор
R(LIN) 1299
139 ## - Редно поле
Редна дума Стрезова, Алека
Авторски знак Стр - С 84
245 ## - Сведения за заглавието
Заглавие Българската дипломация - институции и представители 1879 - 1918
Редно поле (дума) Алека Стрезова
257 ## - Страна на издаване
Страна на създаване/издаване България
260 ## - Област на издателските данни
Име на издателя, разпространителя и проч. Авангард Прима
Година на издаване 2017
Място на издаване, разпространение и проч. София
300 ## - Физическа характеристика
Страници 240 с. : с портр., табл., [8] с. цв. ил., факс.
Размери/Мащаб 24 см
380 ## - Жанр
Жанр История
500 ## - Общи забележки
Забележка Името на ред. отбелязано на гърба на загл. с.<br/>
504 ## - Забележка за наличие на библиография и др
Забележка за наличие на библиография и под. Библиогр.: с. 235-239
650 #0 - Допълнително описание по предмет – тема
9 (RLIN) 286091
Основно описание – тема или топоним Дипломати, български
700 ## - Други автори (авторска отговорност)
9 (RLIN) 695
Лично име Стоянова, Росица Иванова
Автороска отговорност (Описва отношението между автора и произведението) науч. ред.
852 ## - Местоположение
Форматна сигнатура Цб 290504
Фондова буква Хранилище
999 ## - СИСТЕМНИ КОНТРОЛНИ НОМЕРА
Koha biblionumber 324982
Koha biblioitemnumber 324982
942 ## - АРТИКУЛИ
Вид на библиотечния материал Книги
Източник на класификационната схема Universal Decimal Classification
Скрит в OPAC Не
999 ## - СИСТЕМНИ КОНТРОЛНИ НОМЕРА
Koha biblioitemnumber 324982
999 ## - СИСТЕМНИ КОНТРОЛНИ НОМЕРА
Koha biblioitemnumber 324982
Наличности
Код за отписване Код за изгубен артикул Източник на класификационната схема Код за повреда Коз за рестрикции Код за отдаване Артикулен № Име на библиотеката - собственик Име на библиотеката, в която се намира в момента Статус (Текущо местоположение) Дата на вписване в системата Местоположение - отдел Цена в лева Номерация (Хронология) Инвентарен номер Систематично азбучна сигнатура Баркод Цена в евро Служебен тип на артикула
  Не е изгубен Universal Decimal Classification Не е повреден без рестрикции ползва се в читалня 680767 Регионална библиотека "Любен Каравелов" Русе Регионална библиотека "Любен Каравелов" Русе Хранилище 2018-09-25 Хранилище 10.00 Автограф Алека Стрезова 120000823646 Цб 290504 120000823646 5.11 Книги
  Не е изгубен Universal Decimal Classification Не е повреден   заемане за дома 730606 Регионална библиотека "Любен Каравелов" Русе Регионална библиотека "Любен Каравелов" Русе Заемна - подръчен фонд 2019-07-16 Заемна - подръчен фонд 16.00     П 327(497.2)/С 81 120000834147 8.18 Книги
Vip Innovations Ltd, Rousse, Bulgaria 2025